Normal view MARC view

Entry Personal Name

Number of records used in: 1

001 - CONTROL NUMBER

  • control field: 977

003 - CONTROL NUMBER IDENTIFIER

  • control field: PK-NaQUE

005 - DATE AND TIME OF LATEST TRANSACTION

  • control field: 20260624105118.0

008 - FIXED-LENGTH DATA ELEMENTS

  • fixed length control field: 260624|| aca||aabn | a|a d

040 ## - CATALOGING SOURCE

  • Original cataloging agency: PK-NaQUE
  • Transcribing agency: PK-NaQUE

100 ## - HEADING--PERSONAL NAME

  • Personal name: Sepe, Marichela

670 ## - SOURCE DATA FOUND

  • Source citation: Work cat.: (PK-NaQUE)12628: Sepe, Marichela., Planning and Place in the City : mapping place identity, 2013.